Reglamento del Colegio Pericial Mercantil de Málaga (Record no. 183706)

MARC details
000 -LEADER
campo de control de longitud fija 00568nam a2200145 i 4500
001 - NÚMERO DE CONTROL
campo de control 183706
003 - IDENTIFICADOR DE NÚMERO DE CONTROL
campo de control ES-MaACL
005 - FECHA Y HORA DE LA ÚLTIMA TRANSACCIÓN
campo de control 20230906221945.0
008 - DATOS DE LONGITUD FIJA--INFORMACIÓN GENERAL
campo de control de longitud fija 140929s1900 sp |||| | spa d
110 2# - ENTRADA PRINCIPAL--NOMBRE DE ENTIDAD CORPORATIVA
Nombre de entidad corporativa o nombre de jurisdicción como elemento de entrada Colegio Pericial Mercantil de Málaga.
9 (RLIN) 155624
245 10 - MENCIÓN DEL TÍTULO
Título Reglamento del Colegio Pericial Mercantil de Málaga
Resto del título : lista de señores colegiados y extracto de las disposiciones legales vigentes relativas al nombramiento de peritos en asuntos comerciales.
260 ## - PUBLICACIÓN, DISTRIBUCIÓN, ETC.
Lugar de publicación, distribución, etc. Málaga :
Nombre del editor, distribuidor, etc. [s.n.],
Fecha de publicación, distribución, etc. 1900.
300 ## - DESCRIPCIÓN FÍSICA
Extensión 32 p. ;
Dimensiones 20 cm.
852 ## - LOCALIZACIÓN
Ubicación ES-MaACL
Número de control de estantería T-1447-F-7
Holdings
Estatus retirado Estado de pérdida Estado de daño No para préstamo Colección Biblioteca de origen Biblioteca actual Ubicación en estantería Fecha de adquisición Fuente de adquisición Total de préstamos Signatura topográfica completa Código de barras Visto por última vez Precio de reemplazo Tipo de ítem Koha
        Colección de folletos Biblioteca del Ateneo de Madrid Biblioteca del Ateneo de Madrid Depósito folletos 29/09/2014     T-1447-F-7 1193137 23/02/2023 23/02/2023 Folleto